| 000 | 00565nam a2200193 i 4500 | ||
|---|---|---|---|
| 001 | 59039 | ||
| 003 | ES-MaACL | ||
| 005 | 20250814084551.0 | ||
| 007 | t| | ||
| 008 | 031027s1972 sp |||| | spa d | ||
| 100 | 1 |
_aErenburg, Il'ia Grigor'evich. _947378 |
|
| 245 | 1 | 0 |
_aFábrica de sueños / _cIlia Ehrenburg ; introducción de C. Santos Fontenla. |
| 260 |
_a[Madrid] : _bAkal, _c[1972] |
||
| 300 |
_a236 p. ; _c21 cm. |
||
| 650 | 0 | 7 |
_aCine _2embne _911010 |
| 700 | 1 |
_aSantos Fontenla, César. _9103501 |
|
| 852 |
_aES-MaACL _jC-48927 |
||
| 999 |
_c59039 _d59039 |
||